| 000 | 00856nam a2200241Ia 4500 | ||
|---|---|---|---|
| 003 | OSt | ||
| 005 | 20220923211945.0 | ||
| 006 | a|||||r|||| 00| 0 | ||
| 007 | ta | ||
| 008 | 220922b |||||||| |||| 00| 0 san d | ||
| 024 | _a75,431 | ||
| 037 | _cTextual | ||
| 040 |
_aARTS _cARTS _bsan |
||
| 041 |
_2san _asan |
||
| 082 | _aR66xJ25,1, 15K4 | ||
| 100 |
_aशास्त्री, नरेन्द्रदेव सिंह _9160872 |
||
| 245 | 0 |
_aवेदान्तसार _b सदानन्द प्रणीत |
|
| 246 | _aVedāntasāra: sadānanda praṇīta | ||
| 260 |
_aमेरठ _b साहित्य भण्डार _c1964 |
||
| 300 |
_a71पृ. _ccm. |
||
| 942 |
_hR66xJ25,1, 15K4 _cTEXL _2CC |
||
| 999 |
_c304914 _d304914 |
||